[Event "Heusenstamm Sparkassen op-B 2nd"]
[Site "Heusenstamm"]
[Date "2015.11.29"]
[Round "7"]
[White "Lietz, Helmuth"]
[Black "Neuhaus, Joachim"]
[Result "1/2-1/2"]
[WhiteElo "1594"]
[BlackElo "1500"]
[PlyCount "91"]
[EventDate "2015.11.26"]
[EventType "swiss"]
[EventRounds "7"]
[EventCountry "GER"]
[SourceTitle "EXT 2018"]
[Source "ChessBase"]
[SourceDate "2017.10.13"]
[SourceVersion "1"]
[SourceVersionDate "2017.10.13"]
[SourceQuality "1"]

1. d4 d5 2. c4 e5 3. dxe5 d4 4. Nf3 Nc6 5. e3 Bb4+ 6. Bd2 dxe3 7. fxe3 Nge7 8. Be2 Ng6 9. 0-0 0-0 10. a3 Bxd2 11. Nbxd2 Ngxe5 12. Qc2 Ng4 13. Qc3 Re8 14. e4 f5 15. Rad1 Qe7 16. b4 fxe4 17. Nd4 Bd7 18. Bxg4 Bxg4 19. Nf5 Qe5 20. Qxe5 Rxe5 21. Ne3 Bxd1 22. Rxd1 Rd8 23. Kf2 Rd3 24. b5 Ne7 25. Ke2 Rxa3 26. Rf1 Ra2 27. Ng4 Re6 28. Ke3 Ra3+ 29. Ke2 g6 30. Nf6+ Kh8 31. Ndxe4 Nf5 32. g4 Nd6 33. Rd1 Nxe4 34. Rd8+ Kg7 35. Ne8+ Kh6 36. Nxc7 Re5 37. Nd5 Nd6+ 38. Kf2 Nxc4 39. h4 Ne3 40. Nf6 Kg7 41. g5 Rxb5 42. Rd7+ Kf8 43. Nxh7+ Ke8 44. Nf6+ Kf8 45. Nh7+ Kg8 46. Nf6+ 1/2-1/2

[Event "Heusenstamm Sparkassen op-B 2nd"]
[Site "Heusenstamm"]
[Date "2015.11.27"]
[Round "3"]
[White "Popp, Johann"]
[Black "Neuhaus, Joachim"]
[Result "1-0"]
[WhiteElo "1452"]
[BlackElo "1500"]
[PlyCount "168"]
[EventDate "2015.11.26"]
[EventType "swiss"]
[EventRounds "7"]
[EventCountry "GER"]
[SourceTitle "EXT 2018"]
[Source "ChessBase"]
[SourceDate "2017.10.13"]
[SourceVersion "1"]
[SourceVersionDate "2017.10.13"]
[SourceQuality "1"]

1. d4 d5 2. Nf3 Nc6 3. e3 Bf5 4. c4 e6 5. Nc3 Nf6 6. a3 a6 7. cxd5 exd5 8. Be2 Bd6 9. b4 0-0 10. 0-0 Re8 11. Bd3 Ne7 12. Qc2 Bxd3 13. Qxd3 c6 14. Bb2 Ng6 15. Rac1 Qc7 16. h3 Re7 17. Rfe1 Rae8 18. Re2 Ne4 19. Nxd5 cxd5 20. Rxc7 Rxc7 21. Rc2 Rec8 22. Rxc7 Rxc7 23. Nd2 Nf6 24. e4 dxe4 25. Nxe4 Nxe4 26. Qxe4 Re7 27. Qb1 Nf4 28. Kf1 h6 29. Bc3 Ne2 30. Qc2 Nf4 31. Bd2 Nd5 32. g3 Nf6 33. Bf4 Bxf4 34. gxf4 Kf8 35. Qc8+ Ne8 36. d5 Rc7 37. Qd8 Rc1+ 38. Kg2 Rd1 39. Kg3 g6 40. Qc8 Rxd5 41. Qxb7 Rd3+ 42. Kg2 Rxa3 43. Qb6 Kg7 44. Qd4+ Nf6 45. Qb2 Rd3 46. b5 axb5 47. Qxb5 Rd5 48. Qb2 Rf5 49. Qc1 Nh5 50. Qc3+ Kh7 51. Kf1 Rxf4 52. Kg2 Rf5 53. Qb3 Nf4+ 54. Kg3 Ne6 55. Kg2 Ng5 56. Qa2 Ne4 57. Qb3 Rxf2+ 58. Kg1 Rf5 59. h4 Rf4 60. Kg2 Kg7 61. Qb2+ Nf6 62. Kg3 Re4 63. Kf3 Re6 64. Kf4 Kh7 65. Kg3 Ne4+ 66. Kf4 Nd6 67. Kf3 Nf5 68. Qb4 Re3+ 69. Kf2 Rd3 70. Qc4 Rd7 71. Qb5 Rd2+ 72. Ke1 Rd4 73. Qb3 Kg7 74. Qc3 Kh7 75. Qb3 Re4+ 76. Kd2 Re6 77. Qa4 Ne7 78. Qc4 Kg7 79. Qd4+ f6 80. Qd7 Re4 81. Kd3 Re5 82. Kc3 Kf7 83. Qb7 Re3+ 84. Kd2 f5 1-0

[Event "Frankfurt-chB"]
[Site "Frankfurt"]
[Date "2013.06.10"]
[Round "6"]
[White "Neuhaus, Joachim"]
[Black "Gelfenbaum, Daniel"]
[Result "1-0"]
[WhiteElo "1389"]
[BlackElo "1211"]
[PlyCount "75"]
[EventDate "2013.04.29"]
[EventType "swiss"]
[EventRounds "7"]
[EventCountry "GER"]
[SourceTitle "EXT 2014"]
[Source "ChessBase"]
[SourceDate "2013.11.20"]
[SourceVersion "1"]
[SourceVersionDate "2013.11.20"]
[SourceQuality "1"]

1. e4 c6 2. d4 d5 3. f3 e6 4. Nc3 Bb4 5. a3 Bxc3+ 6. bxc3 dxe4 7. Bc4 Nf6 8. fxe4 Nxe4 9. Qg4 Nd6 10. Qxg7 Qh4+ 11. Kf1 Rf8 12. Bg5 Qg4 13. Be2 Qf5+ 14. Nf3 Qg6 15. Qe5 Kd7 16. Bf4 Ne8 17. Qc5 Rg8 18. Ne5+ Kd8 19. Nxg6 Rxg6 20. Bh5 Rf6 21. Qg5 h6 22. Qh4 Kd7 23. Ke2 b6 24. Rhf1 Ba6+ 25. Kd2 Bxf1 26. Rxf1 Rf5 27. g4 Rf6 28. Rf2 c5 29. Be5 Rxf2+ 30. Qxf2 Nc6 31. Qxf7+ Ne7 32. Kd3 Nd6 33. Bxd6 Kxd6 34. Qf4+ Kd7 35. Qxh6 Rg8 36. Bf7 Rc8 37. Qxe6+ Kd8 38. Qd6# 1-0

[Event "Main Vogelsberg op 8th"]
[Site "Hanau"]
[Date "2013.05.31"]
[Round "3"]
[White "Neuhaus, Joachim"]
[Black "Blosze, Winfried"]
[Result "0-1"]
[WhiteElo "1389"]
[BlackElo "1781"]
[PlyCount "76"]
[EventDate "2013.05.30"]
[EventType "swiss"]
[EventRounds "7"]
[EventCountry "GER"]
[SourceTitle "EXT 2014"]
[Source "ChessBase"]
[SourceDate "2013.11.20"]
[SourceVersion "1"]
[SourceVersionDate "2013.11.20"]
[SourceQuality "1"]

1. e4 d5 2. exd5 Qxd5 3. Nc3 Qd6 4. d4 Nf6 5. Be3 a6 6. g3 Nc6 7. Bg2 Bf5 8. a3 0-0-0 9. Nge2 h5 10. h4 e5 11. dxe5 Qxe5 12. Qc1 Qe8 13. 0-0 Ng4 14. Bf4 Bc5 15. b4 Bd4 16. Bxc7 Kxc7 17. Bxc6 bxc6 18. Nxd4 Rxd4 19. Qg5 Bxc2 20. Qxg7 Qe5 21. Qxf7+ Rd7 22. Qf3 Qf6 23. Qxf6 Nxf6 24. Rac1 Rd2 25. Rfe1 Rhd8 26. Re6 R8d6 27. Re7+ Rd7 28. Re6 Rf7 29. Rce1 Ng4 30. Re7+ Rxe7 31. Rxe7+ Kd6 32. Rf7 Rd3 33. Ne4+ Kd5 34. f3 Rd1+ 35. Kg2 Ne5 36. Ra7 Bxe4 37. fxe4+ Kxe4 38. Rxa6 Ng4 0-1

[Event "Frankfurt-chB"]
[Site "Frankfurt"]
[Date "2013.04.29"]
[Round "1"]
[White "Neuhaus, Joachim"]
[Black "Fredershausen, Kurt"]
[Result "1-0"]
[WhiteElo "1389"]
[BlackElo "1085"]
[PlyCount "67"]
[EventDate "2013.04.29"]
[EventType "swiss"]
[EventRounds "7"]
[EventCountry "GER"]
[SourceTitle "EXT 2014"]
[Source "ChessBase"]
[SourceDate "2013.11.20"]
[SourceVersion "1"]
[SourceVersionDate "2013.11.20"]
[SourceQuality "1"]

1. e4 e5 2. Nf3 Nf6 3. Nc3 Bb4 4. Bc4 Bxc3 5. bxc3 0-0 6. 0-0 d6 7. Re1 h6 8. d4 Nc6 9. d5 Ne7 10. Bb3 Qd7 11. c4 Qd8 12. Ba3 b6 13. h3 Bd7 14. Re3 a5 15. c3 Ng6 16. Bc2 Nh5 17. Nxe5 Nf6 18. Nxg6 fxg6 19. e5 dxe5 20. Bxf8 Qxf8 21. Bxg6 Qd6 22. Qd3 Rf8 23. Rae1 Be8 24. Rxe5 Bxg6 25. Qxg6 Qc5 26. Re7 Ne8 27. Rxe8 Qxf2+ 28. Kh1 Qf4 29. Rxf8+ Qxf8 30. Re8 c5 31. Qe6+ Kh8 32. Rxf8+ Kh7 33. Qf5+ g6 34. Qf7# 1-0

[Event "Karl Mala Memorial op 15th"]
[Site "Frankfurt"]
[Date "2012.07.08"]
[Round "6"]
[White "Held, Maurice"]
[Black "Neuhaus, Joachim"]
[Result "0-1"]
[WhiteElo "853"]
[BlackElo "1413"]
[PlyCount "94"]
[EventDate "2012.07.05"]
[EventType "swiss"]
[EventRounds "7"]
[EventCountry "GER"]
[SourceTitle "CBM 149 Extra"]
[Source "ChessBase"]
[SourceDate "2012.08.24"]
[SourceVersion "1"]
[SourceVersionDate "2012.08.24"]
[SourceQuality "1"]

1. c4 e5 2. d3 Nf6 3. Nf3 e4 4. dxe4 Nxe4 5. g3 c6 6. Bg2 Bb4+ 7. Nbd2 Nxd2 8. Nxd2 0-0 9. 0-0 d6 10. a3 Ba5 11. b4 Bb6 12. Nf3 Be6 13. Qc2 Qf6 14. Bb2 Qg6 15. Qc3 Bd8 16. c5 Bf6 17. Qc1 Bxb2 18. Qxb2 dxc5 19. bxc5 Nd7 20. Rfc1 Rab8 21. Nd2 Rfe8 22. Be4 Bf5 23. Bf3 Ne5 24. Bg2 b6 25. cxb6 axb6 26. Nf3 Nxf3+ 27. Bxf3 c5 28. Re1 c4 29. Rac1 b5 30. Rcd1 Bc2 31. Rd2 Bb3 32. Qd4 Qa6 33. Ra1 Qa5 34. Bc6 Red8 35. Bd7 b4 36. axb4 Qxb4 37. Ra7 Rb7 38. Rxb7 Qxb7 39. Qe3 Qc7 40. Bg4 Kf8 41. Rb2 Re8 42. Qc3 Qe5 43. Qxe5 Rxe5 44. f4 Rc5 45. Rb1 c3 46. Bf5 c2 47. Rc1 Rxf5 0-1

[Event "Karl Mala Memorial op 15th"]
[Site "Frankfurt"]
[Date "2012.07.07"]
[Round "4"]
[White "Riha, Peter"]
[Black "Neuhaus, Joachim"]
[Result "1-0"]
[WhiteElo "1813"]
[BlackElo "1413"]
[PlyCount "109"]
[EventDate "2012.07.05"]
[EventType "swiss"]
[EventRounds "7"]
[EventCountry "GER"]
[SourceTitle "CBM 149 Extra"]
[Source "ChessBase"]
[SourceDate "2012.08.24"]
[SourceVersion "1"]
[SourceVersionDate "2012.08.24"]
[SourceQuality "1"]

1. d4 d5 2. c4 e5 3. dxe5 d4 4. Nf3 Nc6 5. a3 Nge7 6. b4 Ng6 7. Bb2 Ncxe5 8. Nxe5 Nxe5 9. e3 Be6 10. c5 Be7 11. Bxd4 Bf6 12. Bb5+ c6 13. Be2 Nd7 14. Nc3 a5 15. Ne4 0-0 16. Nxf6+ Nxf6 17. 0-0 a4 18. Qd3 Qe7 19. Qc3 Ne8 20. Rfd1 f6 21. Bd3 Nc7 22. Bc2 Rfd8 23. Qd3 f5 24. Qe2 Qg5 25. Qf3 Bd5 26. Qg3 Qxg3 27. hxg3 g6 28. Rd2 Ne6 29. Bc3 Kf7 30. Rad1 Ke8 31. f3 Bb3 32. Rxd8+ Nxd8 33. Rd2 Bxc2 34. Rxc2 Ne6 35. Rd2 Rd8 36. Rxd8+ Kxd8 37. e4 fxe4 38. fxe4 Ke7 39. Kf2 h5 40. Kf3 g5 41. g4 h4 42. e5 Nf4 43. Bd2 Ne6 44. Ke4 h3 45. gxh3 Kf7 46. Kf5 Nd4+ 47. Ke4 Ne6 48. Be1 Kg6 49. h4 Ng7 50. h5+ Kh6 51. Bd2 Ne6 52. Kf5 Nd4+ 53. Kf6 Nf3 54. Bc1 Nh2 55. Bxg5+ 1-0

[Event "Main Vogelsberg op 7th"]
[Site "Hanau"]
[Date "2012.06.10"]
[Round "7"]
[White "Popp, Johann"]
[Black "Neuhaus, Joachim"]
[Result "1-0"]
[WhiteElo "1492"]
[BlackElo "1446"]
[PlyCount "95"]
[EventDate "2012.06.07"]
[EventType "swiss"]
[EventRounds "7"]
[EventCountry "GER"]
[SourceTitle "EXT 2013"]
[Source "ChessBase"]
[SourceDate "2012.11.22"]
[SourceVersion "1"]
[SourceVersionDate "2012.11.22"]
[SourceQuality "1"]

1. d4 d5 2. Nf3 Nc6 3. g3 Bf5 4. Bg2 h6 5. 0-0 e6 6. Nbd2 Nf6 7. a3 a5 8. c4 Be7 9. Qb3 b6 10. Qb5 Qd7 11. cxd5 exd5 12. e3 0-0 13. Nb3 a4 14. Nbd2 Ra5 15. Qe2 Re8 16. Qd1 Bd6 17. Re1 Na7 18. Nb1 Ne4 19. Nbd2 Bg4 20. Qc2 f5 21. h3 Bh5 22. Nxe4 dxe4 23. Nd2 c5 24. Nc4 Ra6 25. Nxd6 Qxd6 26. Qc4+ Bf7 27. Qxa6 Nc8 28. Qxa4 c4 29. Bd2 Qd5 30. Rac1 b5 31. Qb4 Rd8 32. a4 bxa4 33. Qxa4 Nb6 34. Qa5 Qe6 35. Bb4 Ra8 36. Qc5 Na4 37. Qe5 Qb6 38. Ba3 g6 39. g4 Re8 40. Qf4 g5 41. Qg3 Qb3 42. gxf5 Nxb2 43. Bxb2 Qxb2 44. h4 Kh7 45. hxg5 Rg8 46. g6+ Bxg6 47. fxg6+ Rxg6 48. Bxe4 1-0

[Event "Main Vogelsberg op 7th"]
[Site "Hanau"]
[Date "2012.06.08"]
[Round "3"]
[White "Haftmann, Rainer"]
[Black "Neuhaus, Joachim"]
[Result "1-0"]
[WhiteElo "1949"]
[BlackElo "1446"]
[PlyCount "97"]
[EventDate "2012.06.07"]
[EventType "swiss"]
[EventRounds "7"]
[EventCountry "GER"]
[SourceTitle "EXT 2013"]
[Source "ChessBase"]
[SourceDate "2012.11.22"]
[SourceVersion "1"]
[SourceVersionDate "2012.11.22"]
[SourceQuality "1"]

1. e4 e6 2. d4 d5 3. Nd2 c5 4. exd5 cxd4 5. dxe6 Bxe6 6. Bb5+ Nc6 7. Ngf3 a6 8. Ba4 b5 9. Bb3 Bc5 10. 0-0 Nge7 11. Bxe6 fxe6 12. Nb3 Bb6 13. Ng5 e5 14. Ne6 Qd5 15. Nxg7+ Kd8 16. Nh5 Rg8 17. Ng3 Kc7 18. Qe2 a5 19. a4 b4 20. Nd2 Nf5 21. Qe4 Qxe4 22. Ndxe4 Nxg3 23. hxg3 Raf8 24. Bd2 Rg4 25. Rfe1 Rf7 26. Ng5 Re7 27. Re4 Rxe4 28. Nxe4 Kd7 29. g4 Ke6 30. b3 Rg7 31. g5 Nd8 32. g3 Nf7 33. Kg2 Kf5 34. f3 Bd8 35. g4+ Ke6 36. Rh1 Nd6 37. Rh6+ Rg6 38. Nxd6 Rxh6 39. gxh6 Kxd6 40. Kf2 Kd5 41. Ke2 Bh4 42. Kd3 Be7 43. Ke2 e4 44. f4 e3 45. Be1 Ke4 46. Bg3 Bd6 47. g5 Kf5 48. Kf3 Bc7 49. g6 1-0

[Event "Main Vogelsberg op 7th"]
[Site "Hanau"]
[Date "2012.06.07"]
[Round "2"]
[White "Neuhaus, Joachim"]
[Black "Komhard, Oliver"]
[Result "0-1"]
[WhiteElo "1446"]
[BlackElo "2033"]
[PlyCount "74"]
[EventDate "2012.06.07"]
[EventType "swiss"]
[EventRounds "7"]
[EventCountry "GER"]
[SourceTitle "EXT 2013"]
[Source "ChessBase"]
[SourceDate "2012.11.22"]
[SourceVersion "1"]
[SourceVersionDate "2012.11.22"]
[SourceQuality "1"]

1. e4 c5 2. c3 d6 3. d4 cxd4 4. cxd4 Nf6 5. Nc3 g6 6. d5 Bg7 7. Bc4 Qa5 8. Bd2 0-0 9. Nge2 a6 10. 0-0 Qc5 11. Bd3 Ng4 12. h3 Ne5 13. Be3 Qb4 14. Rb1 Nbd7 15. a3 Qa5 16. f4 Nxd3 17. Qxd3 b5 18. Na2 Nc5 19. Qc2 Bd7 20. Bxc5 Rac8 21. Qd3 dxc5 22. e5 Bf5 23. Qc3 b4 24. Qd2 Bxb1 25. Rxb1 Rfd8 26. Nac1 Qb6 27. Kh1 a5 28. a4 c4 29. Na2 f6 30. exf6 Bxf6 31. Rd1 Qc5 32. Ng3 c3 33. Qd3 c2 34. Rd2 Bxb2 35. Ne4 Qc4 36. Qxc4 Rxc4 37. Ng5 b3 0-1

[Event "Frankfurt-chB"]
[Site "Frankfurt"]
[Date "2012.05.21"]
[Round "4"]
[White "Krueger, Manfred"]
[Black "Neuhaus, Joachim"]
[Result "0-1"]
[WhiteElo "1645"]
[BlackElo "1446"]
[PlyCount "110"]
[EventDate "2012.04.30"]
[EventType "swiss"]
[EventRounds "7"]
[EventCountry "GER"]
[SourceTitle "EXT 2013"]
[Source "ChessBase"]
[SourceDate "2012.11.22"]
[SourceVersion "1"]
[SourceVersionDate "2012.11.22"]
[SourceQuality "1"]

1. e4 e6 2. Nf3 c5 3. c3 Nc6 4. d4 cxd4 5. cxd4 a6 6. Bd2 g6 7. Be2 Bg7 8. e5 d6 9. Bc3 b5 10. a3 Bb7 11. 0-0 Nge7 12. Qc2 Rc8 13. Rd1 Nd5 14. Qd2 Qc7 15. Rc1 0-0 16. b4 Rfd8 17. Bb2 Qb6 18. Nc3 dxe5 19. Nxd5 Rxd5 20. Rc5 Rcd8 21. Rac1 e4 22. Rxd5 Rxd5 23. Ng5 Bh6 24. f4 exf3 25. h4 fxe2 26. Qxe2 Nxd4 27. Qf2 Rf5 28. Qxd4 Qxd4+ 29. Bxd4 Bxg5 30. hxg5 Rxg5 31. Rc2 Rd5 32. Bf6 Rd7 33. Kf2 h5 34. Ke3 Kh7 35. Kf4 Kh6 36. Bg5+ Kg7 37. Ke3 f6 38. Bh4 e5 39. Be1 f5 40. Rc5 f4+ 41. Kf2 e4 42. Bc3+ Kf7 43. g3 e3+ 44. Ke2 fxg3 45. Be5 g2 46. Bh2 Re7 47. Rc3 g5 48. Rc5 Kg6 49. Rc1 h4 50. Bd6 Re6 51. Bh2 g4 52. Bf4 Bd5 53. Bxe3 Bc4+ 54. Kf2 Bf1 55. Bd2 Re2+ 0-1